Państwa w Europie, w których stolica nie jest największa - Statystyki

Ogólne statystyki
  • Ten quiz został rozwiązany 16 443 razy
  • Średni wynik to 3 z 5
Statystyki odpowiedzi
Państwo Stolica Największe miasto % Poprawnych
Szwajcaria Berno Zurych
80%
Belgia Bruksela Antwerpia
68%
Liechtenstein Vaduz Schaan
50%
Malta Valetta Qormi
49%
San Marino San Marino Serravalle
41%
Nie znaleziono quizów pasujących do podanych kryteriów
Rozkład punktacji
Procent ludzi z każdym wynikiem
Percentyl według liczby udzielonych odpowiedzi
Twoja historia wyników
Nie rozwiązałeś tego quizu